Dyslalie /

Main Author: Krahulcová, Beáta, 1951-
Corporate Author: Univerzita Hradec Králové. Katedra speciální pedagogiky
Language: Czech
Published: Hradec Králové : Gaudeamus, 2003
Edition: Vyd. 1.
Online Access: Digitalizovaný dokument
Physical Description: 195 s. : il. ; 21 cm
Book
Saved in:
LEADER 01520nam a2200373 a 4500
001 000664041
003 CZ BrMZK
005 20080812145312.0
007 ta
008 030331s2003 xr a e p 000 0 cze d
015 |a cnb001243035 
020 |a 80-7041-413-8  |q (brož.) 
035 |a (OCoLC)53259895 
040 |a BOA001  |b cze 
072 7 |a 616.89  |x Psychiatrie  |2 Konspekt  |9 14 
072 7 |a 37.016  |x Učební osnovy. Vyučovací předměty. Učebnice  |2 Konspekt  |9 22 
080 |a 616.89-008.434.37  |2 MRF 
080 |a (075.8)  |2 MRF 
100 1 |a Krahulcová, Beáta,  |d 1951-  |7 nlk19990073423  |4 aut 
245 1 0 |a Dyslalie /  |c Beáta Krahulcová 
250 |a Vyd. 1. 
260 |a Hradec Králové :  |b Gaudeamus,  |c 2003 
300 |a 195 s. :  |b il. ;  |c 21 cm 
500 |a 400 výt 
500 |a Nad názvem: Univerzita Hradec Králové, Pedagogická fakulta, Katedra speciální pedagogiky 
504 |a Obsahuje bibliografii 
650 0 7 |a dyslálie  |7 ph119666  |2 czenas 
655 7 |a učebnice vysokých škol  |7 fd133772  |2 czenas 
710 2 |a Univerzita Hradec Králové.  |b Katedra speciální pedagogiky  |7 olak2002113684 
856 4 1 |u http://www.digitalniknihovna.cz/mzk/uuid/uuid:405cbd50-bd27-11e2-b6da-005056827e52  |y Digitalizovaný dokument  |x NDK 
910 |a BOA001  |b 2-1116.149 
990 |a BK 
996 6 |b 2610185182  |c 2-1116.149  |l MZK  |r Sklad / do 1 hodiny  |n 15  |p p.v.  |w 000664041  |u 000010  |a 1  |e BOA001  |j MZK50  |s P 
996 7 |b 2610190934  |c 2-1116.149  |l Vol.výběr  |r VV 1p  |n 52  |p kup  |h 616.89 KRA  |w 000664041  |u 000020  |a 0  |e BOA001  |j MZK50  |s A